| 000 | 00713nam a2200241 a 4500 | ||
|---|---|---|---|
| 005 | 20210219152940.0 | ||
| 008 | 991125n 000 0 u | ||
| 035 | _aUPN01000068301 | ||
| 100 | _aSchommer, Marlene | ||
| 222 | _aRESEARCH IN HIGHER EDUCATION | ||
| 245 | _aComparisons of beliefs about the nature of knowledge and learning among postsecondary students | ||
| 300 | _a355-370 | ||
| 362 | _a34, No. 3, 1993 | ||
| 505 | _aDiciembre 1993 | ||
| 653 | 0 | _aACTITUDES DEL ESTUDIANTE | |
| 653 | 0 | _aCREENCIAS | |
| 653 | 0 | _aEPISTEMOLOGIA | |
| 653 | 0 | _aESTUDIANTES EN EL COLEGIO | |
| 653 | 0 | _aPERSISTENCIA ACADEMICA | |
| 653 | 0 | _aRENDIMIENTO ACADEMICO | |
| 904 |
_aAC _b006112 |
||
| 905 | _aArticulo | ||
| 999 |
_c64484 _d64484 |
||